000 00589nam a22002297a 4500
003 UA-OsUOA
001 48140
007 ta
008 20070830b un ||||| |||| 00| 0 ukr d
100 _aВ.В. Прозоров
090 _a82,09
_bВ11
942 _cBK
040 _aUA-OsUOA
_brus
_cUA-OsUOA
_dUA-OsUOA
245 _aСальтыков-Щедрин
300 _a170 с.
955 _a2
041 _arus
080 _a82,09
260 _aМ.
_bПросвещение
_c1988
650 7 _a82 Література. Літературознавство
_2UDC
999 _c334250
_d334250